|
|
|
|
| LEADER |
00000nam0a2200000 4500 |
| 001 |
59075 |
| 005 |
20231031055856.0 |
| 010 |
|
|
|a 5238005598
|
| 035 |
|
|
|a (RuTPU)RU\TPU\book\62428
|
| 090 |
|
|
|a 59075
|
| 100 |
|
|
|a 20031216d2003 m y0rusy50 ca
|
| 101 |
0 |
|
|a rus
|
| 102 |
|
|
|a RU
|
| 105 |
|
|
|a a j 001zy
|
| 200 |
1 |
|
|a Финансовая математика
|e учебное пособие для вузов
|f В. И. Малыхин
|
| 205 |
|
|
|a 2-е изд., перераб. и доп.
|
| 210 |
|
|
|a Москва
|c ЮНИТИ-ДАНА
|d 2003
|
| 215 |
|
|
|a 237 с.
|c ил.
|
| 320 |
|
|
|a Библиогр.: с. 196
|
| 320 |
|
|
|a Указатель финансовых терминов: с. 194-195
|
| 451 |
|
1 |
|0 (RuTPU)RU\TPU\book\23956
|y 5-238-00099-5
|t Финансовая математика
|o Учебные пособия для вузов
|f В. И. Малыхин
|c М.
|n ЮНИТИ-ДАНА
|d 2000
|p 247 с.
|a Малыхин, Вячеслав Иванович
|
| 610 |
1 |
|
|a экономика
|
| 610 |
1 |
|
|a финансовая математика
|
| 610 |
1 |
|
|a финансы
|
| 610 |
1 |
|
|a финансовые расчеты
|
| 610 |
1 |
|
|a платежи
|
| 610 |
1 |
|
|a рента
|
| 610 |
1 |
|
|a расчеты
|
| 610 |
1 |
|
|a кредит
|
| 610 |
1 |
|
|a инвестиционные процессы
|
| 610 |
1 |
|
|a доходность
|
| 610 |
1 |
|
|a финансовые инструменты
|
| 610 |
1 |
|
|a аукционы
|
| 610 |
1 |
|
|a торги
|
| 610 |
1 |
|
|a неопределенность
|
| 610 |
1 |
|
|a риски
|
| 610 |
1 |
|
|a ценообразование
|
| 610 |
1 |
|
|a ценные бумаги
|
| 610 |
1 |
|
|a опционы
|
| 610 |
1 |
|
|a финансовые модели
|
| 610 |
1 |
|
|a полезность
|
| 610 |
1 |
|
|a учебные пособия
|
| 686 |
|
|
|a У9(2)262.3
|v LBC/SL-A
|2 rubbk
|
| 700 |
|
1 |
|a Малыхин
|b В. И.
|g Вячеслав Иванович
|
| 801 |
|
1 |
|a RU
|b 63413507
|c 20031216
|g PSBO
|
| 801 |
|
2 |
|a RU
|b 63413507
|c 20230620
|g PSBO
|
| 900 |
|
|
|a Математические методы исследования экономики
|
| 942 |
|
|
|c BK
|
| 952 |
|
|
|a 521600
|b 030300
|
| 959 |
|
|
|a 18/20050222
|d 36
|e 120
|f НФ:36
|